| 000 | 00391nam a22001697a 4500 | ||
|---|---|---|---|
| 003 | SGT | ||
| 020 | _a9789394102408 | ||
| 082 |
_a612 _bH24J |
||
| 100 | _aJAIN, AK | ||
| 245 | _aHUMAN PHYSIOLOGY FOR PHYSIOTHERAPY | ||
| 250 | _a4TH | ||
| 260 |
_aINDIA _bARYA PUB _c2024 |
||
| 300 | _a540 | ||
| 650 | _aHUMAN PHYSIOLOGY | ||
| 653 | _aHUMAN PHYSIOLOGY FOR PHYSIOTHERAPY | ||
| 942 |
_2ddc _cBK |
||
| 999 |
_c33174 _d33174 |
||